000 00702nam a22002297a 4500
005 20170124110120.0
010 _aA-726019
020 _c00.00
_a8185431191
035 _aA-726019
037 _bCen Lib/Ret
040 _aDPL
_bEN
082 _a954.01
_bKAU
100 _aKaul, Anjali
_930472
245 _aAdministration of law and justice in ancient India /
_cby Anjali Kaul
260 _aNew Delhi
_bSarup & Sons
_c1993
270 _a4378/4B, Ansari Road Darya Ganj
_bNew Delhi
_e110002
300 _aviii,208p.
_c21cm(Hb)
650 _aHindu law
_911016
650 _aJustice, Administration of (Hindu law)
_930473
700 _930461
942 _2ddc
_cEN
_h954.01
_mKAU
999 _c130946
_d130946